Estatísticas para Países Bombardeados pelos Estados Unidos Desde 2000

Clique aqui para jogar o quiz

Estatísticas Gerais

  • Esse quiz foi jogado 5 356 vezes
  • A pontuação média é 4 de 7

Estatísticas das Respostas

País% Correto
Iraque
93%
Síria
82%
Afeganistão
80%
Paquistão
58%
Iêmen
36%
Líbia
35%
Somália
18%

Distribuição das Pontuações

Percentil de Números Respondidos

Porcentagem de Pessoas com Cada Pontuação

Sua Pontuação Histórica

Você não jogou esse quiz